The power and blessing : (Record no. 24090)
[ view plain ]
| 000 -LEADER | |
|---|---|
| fixed length control field | 00511nam a22001811a 4500 |
| 003 - CONTROL NUMBER IDENTIFIER | |
| control field | NEGST |
| 005 - DATE AND TIME OF LATEST TRANSACTION | |
| control field | 20150829020003.0 |
| 008 - FIXED-LENGTH DATA ELEMENTS--GENERAL INFORMATION | |
| fixed length control field | 030714s 001 0 eng d |
| 020 ## - INTERNATIONAL STANDARD BOOK NUMBER | |
| International Standard Book Number | 1564764818 |
| 100 1# - MAIN ENTRY--PERSONAL NAME | |
| Personal name | Hayford, Jack W. |
| 245 14 - TITLE STATEMENT | |
| Title | The power and blessing : |
| Remainder of title | celebrating the disciplines of spirit filled / |
| Statement of responsibility, etc | Jack W. Hayford. |
| 260 ## - PUBLICATION, DISTRIBUTION, ETC. (IMPRINT) | |
| Place of publication, distribution, etc | Wheaton : |
| Name of publisher, distributor, etc | Victors Books |
| 300 ## - PHYSICAL DESCRIPTION | |
| Extent | 237p. |
| 590 ## - LOCAL NOTE (RLIN) | |
| Local note | Accession number: 30871 |
| 650 #0 - SUBJECT ADDED ENTRY--TOPICAL TERM | |
| Topical term or geographic name as entry element | Spiritual life |
| General subdivision | Christianity. |
| 942 00 - ADDED ENTRY ELEMENTS (KOHA) | |
| Koha issues (borrowed), all copies | 4 |
| Withdrawn status | Lost status | Source of classification or shelving scheme | Damaged status | Not for loan | Collection code | Home library | Current library | Shelving location | Date acquired | Cost, normal purchase price | Total Checkouts | Total Renewals | Full call number | Barcode | Date last seen | Date checked out | Copy number | Price effective from | Koha item type |
|---|---|---|---|---|---|---|---|---|---|---|---|---|---|---|---|---|---|---|---|
| Library of Congress Classification | General Circulation | AIU/NEGST - Tony Wilmot Memorial Library | AIU/NEGST - Tony Wilmot Memorial Library | General Stacks | 10/26/2009 | 24.00 | 4 | 1 | BV 4501.2.H36877 1994 | R04004X3232 | 04/14/2026 | 08/28/2015 | 1 | 10/26/2009 | Books |
